Ruční papír : [přání, šperky, ozdoby, dózy] /
Uložené v:
| Hlavní autori: | , |
|---|---|
| Médium: | Kniha |
| Jazyk: | Czech |
| Vydané: |
Praha :
Grada,
2007
|
| Vydanie: | 1. vyd. |
| Edícia: | Šikovné ruce
|
| Témy: | |
| ISBN: |
9788024716398 (brož.) |
| Fyzický popis: |
48 s. : fotogr. ; 23 cm |
| Tagy: |
Pridať tag
Žiadne tagy, Buďte prvý kto otaguje tento záznam!
|
Titul je dostupný aj v ... 

MARC
| LEADER | 00000nam a2200000 a 4500 | ||
|---|---|---|---|
| 001 | 000294721 | ||
| 005 | 20070622100717.0 | ||
| 008 | 070417s2007 xr a e 000 0 czeo | ||
| 020 | |a 9788024716398 (brož.) | ||
| 040 | |a SVKKK |b slo |c SVKKK |e AACR2 | ||
| 041 | 0 | |a cze | |
| 044 | |a xr |c CZ | ||
| 072 | 7 | |a 74 |x Kresba. Umelecké remeslá |2 konspekt | |
| 080 | |a 676.026.22 |2 1997 | ||
| 080 | |a 676.026 |2 1997 | ||
| 080 | |a 745.54 |2 1997 | ||
| 080 | |a 688.78/.79 |2 1997 | ||
| 080 | |a (035) |2 1997 | ||
| 100 | 1 | |a Fixl, Jiří, |d 1950- |4 aut | |
| 245 | 1 | 0 | |a Ruční papír : |b [přání, šperky, ozdoby, dózy] / |c Jiří Fixl, Alena Vondrušková |
| 250 | |a 1. vyd. | ||
| 260 | |a Praha : |b Grada, |c 2007 | ||
| 300 | |a 48 s. : |b fotogr. ; |c 23 cm | ||
| 440 | 0 | |a Šikovné ruce | |
| 500 | |a Fotogr. na predsádke a titul. strane | ||
| 650 | 0 | 7 | |a ručný papier |2 SVKKKPH |
| 650 | 0 | 7 | |a výroba papiera |2 SVKKKPH |
| 650 | 0 | 7 | |a výtvarné práce z papiera |2 SVKKKPH |
| 650 | 0 | 7 | |a dekoračné predmety |2 SVKKKPH |
| 655 | 7 | |a príručky |2 SVKKKPH | |
| 700 | 1 | |a Vondrušková, Alena, |d 1955- |4 aut | |
| 919 | |a 978-80-247-1639-8 | ||
| 998 | |a BK | ||
| 090 | |g SCKHL |k Sklad Pribinova prízemie |a IV.199691 |j 989520 |i 2720078091 |s Absenčne | ||